Authors on Reading Quiz Stats

 Plays Quiz Updated Apr 4, 2018

Score 0/18 Timer 07:00
0 Plays Today
% Correct
As loyal as a book.''
92.9%
Is to teach them to read, and to show them that reading is a pleasurable activity''
91.7%
There is no use in reading it at all.''
91.2%
Just get people to stop reading them.''
90.2%
If the book we're reading doesn't wake us up with a blow to the head, what are we reading for?''
89.3%
When you read a good book.''
89.3%
Read him right and he explains himself.''
89.2%
Is a less exciting pastime than going to the dogs, the pictures or the pub, and not because books, whether bought or borrowed, are too expensive.''
89.1%
You would not read yourself.''
88.5%
% Correct
Indeed, I'd part with all my furniture and squat and sleep on the floor before I'd let go of the 1500 or so books I possess.''
88.5%
As those we spent with a favorite book.''
88.3%
Than a mutual taste in literature.''
86.1%
Every syllable that is spelled out is a spark.''
85.1%
You can only think what everyone else is thinking.''
83.9%
Becomes a substitute for reading it.''
82.9%
Just like a carpenter who works as an apprentice and studies the master. Read! You'll absorb it.''
82%
What I wonder is why everybody doesn't carry a book around for those inevitable dead spots in life.''
74.2%
To be so engrossed that you barely know you exist.''
72.3%

You're not logged in!

Compare scores with friends on all Sporcle quizzes.
OR
Log In

You Might Also Like...

Show Comments

Extras

Top Quizzes Today


Score Distribution

Your Account Isn't Verified!

In order to create a playlist on Sporcle, you need to verify the email address you used during registration. Go to your Sporcle Settings to finish the process.

Report this User

Report this user for behavior that violates our Community Guidelines.

Details: